00962nam a22002417a 450000500170000001000130001702000220003003500130005203700170006504000120008208200150009410000270010924501320013626000590026827000460032730000230037350000190039665000350041565000400045094200240049099900190051495201870053320170124110054.0 aA-806084 c00.00a8175120088 aA-806084 bCen Lib/ Ret aDPLbEN a658.3bLUN aLundy, James L.926021 aTeams together each achieves more success :cby James L.Lundybhow to develop peak performance teams for world-class results / aNew DelhibGlobal Books & Subscription Services c1994 a1-22, West Patel NagarbNew Delhie110008 axi,222p.c19cm(Hb) aIncludes index aTeams in the workplace.926022 aOrganizational effectiveness915439 2ddccENh658.3mLUN c129323d129323 04104070aLbLd2015-07-06eCen Lib/Retg0.00l0o658.3 LUNpA-806084r2015-07-06 00:00:00t1v0.00w2015-07-06yENzWritten off on approval by DLB (By Circulation); dtd 15-06-2023